Central Library OPAC University of Rajshahi

Eugene scribe / (Record no. 54028)

MARC details
000 -LEADER
fixed length control field 00696nam a2200241 a 4500
001 - CONTROL NUMBER
control field 54028
003 - CONTROL NUMBER IDENTIFIER
rucl marc code BD-RjUL
005 - DATE AND TIME OF LATEST TRANSACTION
control field 20211209080049.0
008 - FIXED-LENGTH DATA ELEMENTS--GENERAL INFORMATION
fixed length control field 161031s1980 en a|||| |||| 001 0 eng d
020 ## - INTERNATIONAL STANDARD BOOK NUMBER
International Standard Book Number 0805763902
035 ## - SYSTEM CONTROL NUMBER
System control number (BD-RjUL)54150
040 ## - CATALOGING SOURCE
Original cataloging agency BD-RjUL
Language of cataloging eng
Transcribing agency BD-RjUL
041 ## - LANGUAGE CODE
Language code of text/sound track or separate title eng
082 ## - DEWEY DECIMAL CLASSIFICATION NUMBER
Classification number 842.7
Author mark and year KOE 1980
100 ## - MAIN ENTRY--PERSONAL NAME
Personal name Koon, Helene
9 (RLIN) 161326
245 10 - TITLE STATEMENT
Title Eugene scribe /
Statement of responsibility, etc. Helene Koon and Richard Switzer
260 ## - PUBLICATION, DISTRIBUTION, ETC. (IMPRINT)
Place of publication, distribution, etc. Boston :
Name of publisher, distributor, etc. Twayne Publishers,
Date of publication, distribution, etc. 1980
300 ## - PHYSICAL DESCRIPTION
Pagination 174 p. :
Illustrations ill. ;
Size 22 cm.
500 ## - GENERAL NOTE
General note Includes index
650 ## - SUBJECT ADDED ENTRY--TOPICAL TERM
Topical term or geographic name as entry element Scribe, Eugène
Chronological subdivision 1791-1861
General subdivision Criticism and interpretation
9 (RLIN) 161327
700 ## - ADDED ENTRY--PERSONAL NAME
Personal name Switzer, Richard
942 ## - ADDED ENTRY ELEMENTS (KOHA)
Source of classification or shelving scheme Dewey Decimal Classification
Koha item type Books
Holdings
Lost status Source of classification or shelving scheme Damaged status Not for loan Collection code Permanent Location Current Location Shelving location Date acquired Total Checkouts Full call number Date last seen Copy number Koha item type
  Dewey Decimal Classification     Non-fiction Central Library, University of Rajshahi Central Library, University of Rajshahi   10/07/1994   842.7 KOE 1980 31/10/2016 C-2 Books